000 00295nam a2200109Ia 4500
008 200302s9999 xx 000 0 und d
100 _aDrew Pankett
245 _aConstruction and Detailling for Interior Design
260 _bLourence King New Book House Ltd.,
260 _c2010
300 _a293 P.,
999 _c2876
_d2876